El Botxí /
Descripción Física:
Il·lustracions
Colección:
San Jorge,
; núm. 17 (gener 1955), pàg. 12-19
Materias:
Ajusticiaments i botxins -- Història -- S. XVIII-XIX
; Ajusticiaments i botxins -- Folklore
Idioma:
Español
MARC
| LEADER | 00000naa a2200000 a 4500 | ||
|---|---|---|---|
| 003 | Arxiu | ||
| 005 | 20260324181032.0 | ||
| 008 | 160829s1955 spcaxx s spa c | ||
| 040 | |a AGDB | ||
| 100 | 1 | |a Amades, Joan, |d 1890-1959 |9 21237 | |
| 245 | 1 | 3 | |a El Botxí / |c Joan Amades |
| 300 | |b Il·lustracions | ||
| 490 | |a San Jorge, |v núm. 17 (gener 1955), pàg. 12-19 | ||
| 500 | |a Il·lustracions: Blanch | ||
| 590 | |a Conté 10 il·lustracions | ||
| 650 | 0 | |a Ajusticiaments i botxins |x Història |9 29384 |y S. XVIII-XIX | |
| 650 | 0 | |a Ajusticiaments i botxins |x Folklore |9 55285 | |
| 773 | |g Núm. 17 (gener 1955), pàg. 12-19 |t San Jorge. | ||
| 901 | |a Arxiu | ||
| 942 | |n 1 |2 udc |c ART | ||
| 952 | |0 0 |1 0 |4 0 |6 REV510 |7 1 |9 65087 |a Arxiu |b Arxiu |d 2023-01-24 |l 0 |o Rev-510 |r 2023-01-24 00:00:00 |w 2023-01-24 |y ARXIU |z També disponible a Rev-524 | ||
| 999 | |c 47882 |d 47882 | ||